| 000 | 01587nam a2200325 i 4500 | ||
|---|---|---|---|
| 003 | EG-GICUC | ||
| 005 | 20260121101646.0 | ||
| 008 | 260104s1978 ua ||||fr|||| 001 0 ara d | ||
| 017 | _a2099 لسنة 1978 | ||
| 040 |
_a EG-GICUC _bara _c EG-GICUC _d EG-GICUC _erda |
||
| 041 | _aara | ||
| 082 | 0 | 4 |
_a343.433 _bم ح . ج _221 |
| 092 | 0 | 4 | _221 |
| 099 | _aLaw1 10 343.433 م ح . ج ed 1 - 1978 1006767 | ||
| 100 | 0 |
_aمحمد عزمي البكري. _eمؤلف. |
|
| 245 | 1 | 0 |
_aجرائم التشرد والاشتباه في القانون المصري : _bشرح تفصيلي وتعليق بآراء الفقهاء وجميع أحكام النقض على جميع مواد المرسوم بقانون رقم 98 لسنة 1945 والقانون رقم 74 لسنة 1970 في شأن وضع بعض المشتبه فيهم تحت مراقبة الشرطة، وما يتعلق بهما من أحكام مراقبة الشرطة / _cمحمد عزمي البكري. |
| 250 | _aالطبعة الأولى، | ||
| 264 | 1 |
_aطنطا، مصر : _bالمكتبة القومية الحديثة، _c1978. |
|
| 300 |
_a206 صفحة ؛ _c24 سم. |
||
| 336 |
_2rda content _atext |
||
| 337 |
_2rda media _aComputer |
||
| 338 |
_2rda carrier _aOnline Resource |
||
| 504 | _aيشتمل على ارجاعات ببليوجرافية. | ||
| 546 | _aالنص باللغة العربية | ||
| 650 | 1 |
_aالتشريع الخاص بالتشرد والتسول _2qrmak |
|
| 651 | 1 | _2qrmak | |
| 856 | 4 | 0 | _uhttps://fll.law.cu.edu.eg/fulltext/bks/B10-06767.pdf |
| 905 | _a18 | ||
| 942 |
_2ddc _n0 _cBK _e21 |
||
| 999 |
_c54488 _d54488 |
||